|
|
|
|
| LEADER |
00000nam a2200000Ii 4500 |
| 001 |
DIGANAGRA0820 |
| 003 |
NyNyDIG |
| 006 |
m o d |
| 007 |
cr ||||||||||| |
| 008 |
220920s2018 sp o 000 0bspa d |
| 035 |
|
|
|a (OCoLC)1066696413
|
| 040 |
|
|
|a DGITA
|b eng
|e rda
|e pn
|c DGITA
|
| 020 |
|
|
|a 9788433939302
|q digital
|
| 020 |
|
|
|z 9788433926180
|
| 043 |
|
|
|a s-ag---
|
| 050 |
1 |
4 |
|a GV942.7.M398 ebook
|
| 082 |
0 |
4 |
|a 796.334
|
| 100 |
1 |
|
|a Puntí, Jordi,
|d 1967-
|e author.
|
| 245 |
1 |
0 |
|a Todo Messi :
|b ejercicios de estilo /
|c Jordi Puntí.
|
| 250 |
|
|
|a Edición en formato digital.
|
| 264 |
|
1 |
|a Barcelona :
|b Editorial Anagrama,
|c [2018]
|
| 300 |
|
|
|a 1 online resource.
|
| 336 |
|
|
|a text
|b txt
|2 rdacontent
|
| 337 |
|
|
|a computer
|b c
|2 rdamedia
|
| 338 |
|
|
|a online resource
|b cr
|2 rdacarrier
|
| 347 |
|
|
|a text file
|2 rdaft
|
| 347 |
|
|
|b EPUB
|
| 588 |
0 |
|
|a Online resource; title from ePub title page (Digitalia, viewed September 20, 2022)
|
| 600 |
1 |
0 |
|a Messi, Lionel,
|d 1987-
|
| 650 |
|
0 |
|a Soccer players
|z Argentina
|v Biography.
|
| 655 |
|
0 |
|a Electronic books.
|
| 791 |
2 |
|
|a Digitalia (Firm),
|e distributor.
|
| 793 |
0 |
|
|g Digitalia eBook Collection:
|a Anagrama
|
| 776 |
0 |
8 |
|i Print version:
|a Puntí, Jordi, 1967-
|t Todo Messi.
|d Barcelona : Editorial Anagrama, [2018]
|z 9788433926180
|
| 830 |
|
0 |
|a Crónicas Anagrama ;
|v 115.
|
| 856 |
4 |
0 |
|3 Digitalia Hispánica
|u https://www.digitaliapublishing.com/a/79892/
|
| 910 |
|
|
|a Premium collection: 2022
|